|
|
|
|
| LEADER |
00000cam a2200000 7i4500 |
| 001 |
0000012037 |
| 005 |
20080401.0 |
| 008 |
071123 |
| 020 |
|
|
|a 9833494196
|
| 090 |
0 |
0 |
|a 370.154
|b MDI
|
| 100 |
0 |
|
|a Md. Izuddin Hj. Ali
|
| 245 |
1 |
0 |
|a Jalan pantas ke arah pelajar cemerlang
|c Md. Izuddin Hj. Ali, Zetty Zahureen Mohd Yusoff
|
| 260 |
|
|
|a Kuala Lumpur :
|b Telaga Biru ,
|c 2006
|
| 650 |
|
0 |
|a Learning, psychology of
|
| 650 |
|
0 |
|a Malay fiction
|
| 650 |
|
0 |
|a Motivation in education
|
| 650 |
|
0 |
|a Study skills
|
| 700 |
0 |
|
|a Zetty Zahureen Mohd Yusoff
|
| 999 |
|
|
|a 0001004009
|b Book
|c Adult Collection
|e Perbadanan Perpustakaan Awam Johor
|
| 999 |
|
|
|a 0001004010
|b Book
|c Adult Collection
|e Perbadanan Perpustakaan Awam Johor
|
| 999 |
|
|
|a 0001004011
|b Book
|c Adult Collection
|e Perbadanan Perpustakaan Awam Johor
|
| 999 |
|
|
|a 0001004012
|b Book
|c Adult Collection
|e Cawangan Urban Transformation Centre
|
| 999 |
|
|
|a 0001004013
|b Book
|c Adult Collection
|e Perbadanan Perpustakaan Awam Johor
|
| 999 |
|
|
|a 0001010871
|b Book
|c Adult Collection
|e Cawangan Taman Sri Lambak
|